| 000 | 00495nam a2200181Ia 4500 | ||
|---|---|---|---|
| 005 | 20250508162439.0 | ||
| 008 | 008 250505s9999 xx 000 0 eng d | ||
| 037 | _aTextual | ||
| 040 |
_aFEDL _beng _cFEDL |
||
| 041 |
_aeng _2eng |
||
| 084 |
_a303.32, WIL _qFEDL |
||
| 100 |
_aWilliams Thomas Rhys _9347654 |
||
| 245 | 0 | _aSocialization | |
| 260 |
_aEnglewood Cliffs _b Prentice-Hall _c1983 |
||
| 300 | _axx,476p. | ||
| 942 |
_cTEXL _h303.32, WIL |
||
| 999 |
_c1376597 _d1376597 |
||